Textbook of biochemistry (Record no. 394073)

MARC details
000 -LEADER
fixed length control field 00501 a2200193 4500
005 - DATE & TIME
control field 20260202164442.0
008 - FIXED-LENGTH DATA ELEMENTS--GENERAL INFORMATION
fixed length control field 260202b |||||||| |||| 00| 0 eng d
020 ## - ISBN
International Standard Book Number 9789381156544
Price Rs. 995.00
040 ## - CATALOGING SOURCE
Original cataloging agency VIVEKANANDA LIBRARY
082 ## - DDC NUMBER
Classification number 574.192
Book Number K166T
100 ## - MAIN ENTRY--PERSONAL NAME
Personal name Kaur, Satinder
245 ## - TITLE STATEMENT
Title Textbook of biochemistry
260 ## - PUBLICATION, DISTRIBUTION, ETC. (IMPRINT)
Name of publisher, distributor, etc Variety Books Publishers' Distributors
Date of publication, distribution, etc 2027
Place of publication, distribution, etc Delhi
300 ## - PHYSICAL DESCRIPTION
Pages xv, 262
650 ## - Subject
Subject Biochemistry
650 ## - Subject
Subject Metabolism
700 ## - Added Entry Personal Name
Added Entry Personal Name Kang, Rigzin
942 ## - ADDED ENTRY ELEMENTS (KOHA)
Koha item type Books
Holdings
Withdrawn status Lost status Source of classification or shelving scheme Damaged status Not for loan Location (home branch) Sublocation or collection (holding branch) Shelving location Date acquired Koha issues (times borrowed) Koha full call number Accession No. Koha date last seen Koha item type
    Dewey Decimal Classification     VIVEKANANDA LIBRARY VIVEKANANDA LIBRARY Vivekananda Library 07/01/2026   574.192 K166T 444016 07/01/2026 Books
© Designed and Maintained by Vivekananda Library, MDU Rohtak